| 000 | 00767nas a2200253 4500 | ||
|---|---|---|---|
| 001 | BR0300127 | ||
| 003 | BR-BrBNA | ||
| 005 | 20231205103457.0 | ||
| 007 | ta | ||
| 008 | 230509b bl.|||p| |||| 00| 00por d | ||
| 040 |
_aBR-BrBNA _bpor _cBiblioteca Nacional de Agricultura |
||
| 041 | _a(En) | ||
| 072 | _aL52 | ||
| 100 | 1 | _aRomagosa, E. | |
| 100 | 1 | _aNarahara, M.Y. | |
| 100 | 1 | _aFenerich-Verani, N. | |
| 245 | 1 | _aStages of embryonic development of the "matrinxã", Brycon cephalus (Pisces, Characidae) | |
| 650 | _aMATRINXÃ | ||
| 650 | _aEMBRIOGÊNESE | ||
| 650 | _aALEVINO | ||
| 773 | 0 |
_tBoletim do Instituto de Pesca (Brazil) _xISSN 0046-9939 _g(2001), v. 27(1) p. 29-32 _wBR0300127 |
|
| 909 |
_a202311 _bLúcia _c55 _dLúcia Elande |
||
| 942 |
_2AGRIS _n0 _cANA |
||
| 999 |
_c173076 _d173076 |
||